| 000 | 01200naa a22002057a 4500 | ||
|---|---|---|---|
| 008 | 240515e20240429xxk||||os||||o00| 0 eng d | ||
| 041 | _aeng | ||
| 245 | _aDepartment for Levelling Up, Housing and Communities v Grey GR Limited Partnership | ||
| 260 |
_aCAM/26UH/HYI/2022/0004, _bFirst-Tier Tribunal Property Chamber, _c29 April 2024 |
||
| 520 | _aCAM/26UH/HYI/2022/0004. Property: Vista Tower, Stevenage SG1 1AR. • Court rules in favour of government in legal case forcing freeholder Grey GR, owned by Railpen, to fix safety issues at Vista Tower. Judgment gives tower residents assurance through the Court that their homes will be made safe without further delay. The Vista Tower case was the first legal action brought by the Government under powers introduced through the Building Safety Act | ||
| 650 | _aBUILDING SAFETY ACT 2022 | ||
| 650 | _aCLADDING | ||
| 650 | _aFIRE SAFETY | ||
| 650 | _aJUDGMENT | ||
| 650 | _aLANDLORD AND TENANT ACT 1985 | ||
| 650 | _aREMEDIATION | ||
| 650 | _aREMEDIATION ORDERS | ||
| 651 | _aUnited Kingdom | ||
| 856 |
_uhttps://assets.publishing.service.gov.uk/media/6643319a4f29e1d07fadc67e/Vista_Tower_Final_Full_decision.pdf _zAvailable from FTT |
||
| 999 |
_c121930 _d121930 |
||